- Martínez Rizo, Felipe,
Entry Nombre Personal
001 - NUMERO DE CONTROL
- campo de control: 29172
003 - IDENTIFICADOR DE NUMERO DE CONTROL
- campo de control: UPN
005 - FECHA Y HORA DE LA ÜLTIMA TRANSACCIÓN
- campo de control: 20230828134827.0
008 - DATOS DE LONGITUD FIJA
- campo de control de longitud fija: nabaccnnaabn|||||||||| b |nc|||||d
024 7# - OTROS IDENTIFICADORES NORMALIZADOS
- Fuente: orcid
- Número normalizado o código: https://orcid.org/0000-0002-7519-4247
035 ## - NUMERO DE CONTROL
- Número de control: UPN11000001278
040 ## - FUENTE DE CATALOGACIÓN
- Lenguaje de catalogación: spa
- Agencia de transcripción: MX-MxUPN
- Agencia original de catalogación: MX-MxUPN
100 1# - ENCABEZAMIENTO - NOMBRE PERSONAL
- Nombre personal: Martínez Rizo, Felipe,
- Fechas asociadas con el nombre: 1946-
370 ## - LUGAR ASOCIADO
- Associated country: México
371 ## - DIRECCIÓN
- Electronic mail address: fmrizo@prodigy.net.mx
371 ## - DIRECCIÓN
- Electronic mail address: felipemartinez.rizo@gmail.com
372 ## - CAMPO DE ACTIVIDAD
- Field of activity: Educación
373 ## - GRUPO ASOCIADO
- Associated group: Universidad Autónoma de Aguascalientes
- Associated group: Asociación Nacional de Universidades e Instituciones de Educación Superior
374 ## - OCUPACIÓN
- Occupation: Sociólogo
400 1# - VEÁSE - NOMBRE DE PERSONA
- Personal name: Rizo, Felipe Martínez,
- Dates associated with a name: 1946-
670 ## - FUENTE EN LA QUE SE LOCALIZARON DATOS
- Cita de la fuente: T
- Uniform Resource Identifier: http://www.uabc.mx/cesu/cvfmr.pdf
670 ## - FUENTE EN LA QUE SE LOCALIZARON DATOS
- Cita de la fuente: La Planeación univ., 1982:
- Información localizada: portada (Felipe Martínez Rizo; p. 10 (sociologist)
670 ## - FUENTE EN LA QUE SE LOCALIZARON DATOS
- Cita de la fuente: El oficio del investigador educativo, 1997:
- Información localizada: portada (Felipe Martínez Rizo)
680 ## - NOTA PUBLICA DE ACCESO PÚBLICO
- Frase explicativa de la referencia: Investigador educativo mexicano
902 ## - CATALOGADOR
- Catalogador: DAA/080408
902 ## - CATALOGADOR
- Catalogador: BLSM/280823
